000 00607nam a2200241Ia 4500
003 OSt
005 20220924145615.0
006 a|||||r|||| 00| 0
007 ta
008 220923b |||||||| |||| 00| 0 tel d
020 _c6.00
024 _a329535
037 _cTextual
040 _aARTS
_cARTS
_btel
041 _2tel
_atel
082 _aO15:gx, 35M0
100 _aMurty Venkata Rama
_9220166
245 0 _aSwyarayandru nighantuvu
260 _c1980
650 _aSANSKRIT LITERATURE
942 _hO15:gx, 35M0
_cTEXL
_2CC
999 _c460632
_d460632